<?xml version="1.0" encoding="UTF-8"?><marc:collection xmlns:marc="http://www.loc.gov/MARC21/slim">
  <marc:record>
    <marc:leader>00000nam  2200000za 4500</marc:leader>
    <marc:controlfield tag="001">9.858038</marc:controlfield>
    <marc:controlfield tag="003">CaOODSP</marc:controlfield>
    <marc:controlfield tag="005">20221107155909</marc:controlfield>
    <marc:controlfield tag="007">cr |||||||||||</marc:controlfield>
    <marc:controlfield tag="008">180621s2018    onc |||#o|   f000 0 eng d</marc:controlfield>
    <marc:datafield tag="040" ind1=" " ind2=" ">
      <marc:subfield code="a">CaOODSP</marc:subfield>
      <marc:subfield code="b">eng</marc:subfield>
    </marc:datafield>
    <marc:datafield tag="043" ind1=" " ind2=" ">
      <marc:subfield code="a">n-cn---</marc:subfield>
    </marc:datafield>
    <marc:datafield tag="086" ind1="1" ind2=" ">
      <marc:subfield code="a">J4-59/2018E-PDF</marc:subfield>
    </marc:datafield>
    <marc:datafield tag="245" ind1="0" ind2="0">
      <marc:subfield code="a">National justice survey 2017 </marc:subfield>
      <marc:subfield code="h">[electronic resource] :  </marc:subfield>
      <marc:subfield code="b">issues in Canada's criminal justice system  /  </marc:subfield>
      <marc:subfield code="c">prepared for The Department of Justice [by] EKOS Research Associates Inc.</marc:subfield>
    </marc:datafield>
    <marc:datafield tag="246" ind1="3" ind2="0">
      <marc:subfield code="a">Issues in Canada's criminal justice system</marc:subfield>
    </marc:datafield>
    <marc:datafield tag="260" ind1=" " ind2=" ">
      <marc:subfield code="a">Ottawa : </marc:subfield>
      <marc:subfield code="b">Department of Justice, </marc:subfield>
      <marc:subfield code="c">c2018.</marc:subfield>
    </marc:datafield>
    <marc:datafield tag="300" ind1=" " ind2=" ">
      <marc:subfield code="a">116 p. </marc:subfield>
      <marc:subfield code="e">+summary.</marc:subfield>
    </marc:datafield>
    <marc:datafield tag="500" ind1=" " ind2=" ">
      <marc:subfield code="a">"PWGSC Contract #19044-17-0095/001/CY". </marc:subfield>
    </marc:datafield>
    <marc:datafield tag="500" ind1=" " ind2=" ">
      <marc:subfield code="a">"POR Registration: POR 12-17. Contract Award Date: 10/07/2017"</marc:subfield>
    </marc:datafield>
    <marc:datafield tag="500" ind1=" " ind2=" ">
      <marc:subfield code="a">"Delivery date: March 28, 2018".</marc:subfield>
    </marc:datafield>
    <marc:datafield tag="500" ind1=" " ind2=" ">
      <marc:subfield code="a">Issued also in French under title: Sondage national sur la justice de 2017 : enjeux lies au système canadien de justice pénale : rapport sommaire.</marc:subfield>
    </marc:datafield>
    <marc:datafield tag="520" ind1="0" ind2=" ">
      <marc:subfield code="a">"To inform policy development, public engagement and communications, and to support its mandate, the Department of Justice commissions periodic national surveys to explore Canadians’ perceptions, understanding, and priorities on justice-related issues. This 2017 survey focuses on views and perceptions of the criminal justice system (CJS), in order to inform the ongoing criminal justice system review being undertaken by the Minister of Justice. It seeks to engage with people in all regions of Canada and to promote government transparency and openness. Specifically, the study explores Canadians’ views and perceptions of: Sentencing (e.g., judicial discretion, sentencing considerations, guidelines) ;  Mandatory minimum penalties (MMPs) ;  Administration of justice offences (AOJOs) ;  Use of diversion/alternative measures ; Restorative justice and problem-solving approaches to justice ;  Performance measurement and confidence in the CJS. The study is composed of three components: two national online surveys, and a series of focus groups and telephone interviews"--Exec. summary, p. 6.</marc:subfield>
    </marc:datafield>
    <marc:datafield tag="692" ind1="0" ind2="7">
      <marc:subfield code="2">gccst</marc:subfield>
      <marc:subfield code="a">Criminal justice</marc:subfield>
    </marc:datafield>
    <marc:datafield tag="692" ind1="0" ind2="7">
      <marc:subfield code="2">gccst</marc:subfield>
      <marc:subfield code="a">Surveys</marc:subfield>
    </marc:datafield>
    <marc:datafield tag="710" ind1="1" ind2=" ">
      <marc:subfield code="a">Canada. </marc:subfield>
      <marc:subfield code="b">Department of Justice. </marc:subfield>
      <marc:subfield code="b">Research and Statistics Division.</marc:subfield>
    </marc:datafield>
    <marc:datafield tag="710" ind1="2" ind2=" ">
      <marc:subfield code="a">Ekos Research Associates.</marc:subfield>
    </marc:datafield>
    <marc:datafield tag="775" ind1="0" ind2="8">
      <marc:subfield code="t">Sondage national sur la justice de 2017 </marc:subfield>
      <marc:subfield code="w">(CaOODSP)9.858040</marc:subfield>
    </marc:datafield>
    <marc:datafield tag="794" ind1=" " ind2=" ">
      <marc:subfield code="t">National justice survey 2018 : </marc:subfield>
      <marc:subfield code="w">(CaOODSP)9.872334</marc:subfield>
    </marc:datafield>
    <marc:datafield tag="856" ind1="4" ind2="0">
      <marc:subfield code="q">PDF</marc:subfield>
      <marc:subfield code="s">516 KB</marc:subfield>
      <marc:subfield code="u">https://publications.gc.ca/collections/collection_2018/jus/J4-59-2018-eng.pdf</marc:subfield>
    </marc:datafield>
    <marc:datafield tag="856" ind1="4" ind2="0">
      <marc:subfield code="q">PDF</marc:subfield>
      <marc:subfield code="s">128 KB</marc:subfield>
      <marc:subfield code="u">https://publications.gc.ca/collections/collection_2018/jus/J4-59-2018-1-eng.pdf</marc:subfield>
    </marc:datafield>
  </marc:record>
</marc:collection>
